03611nam a22002657a 4500003000900000005001700009007000300026008004100029020001800070040002500088041000800113082002700121100002900148245005400177250001300231260005400244300003900298500006400337500002200401505134500423505139101768651006303159651006103222651006203283DO-SdBNP20260305073952.0ta210820e2018 dr abc|grf||| 001 e spa d a9789993439660 aDO-SdBNPbspacBNPHU hspa 4a972.93bM938m 20182221 aMoya Pons, Frank,d1944-13aManual de historia dominicana /cFrank Moya Pons. a16a. ed. aSanto Domingo :bLibrería La Trinitaria, c2018 a761 p. :bil., mapas, retr.c23 cm aIncluye datos biográficos del autor en la contracubierta. aIncluye índice  aPrefacio --tI. La sociedad taína --tII. La sociedad española en el siglo XV --tIII. El oro y las encomiendas de indios (1493-1520) --tIV. El azúcar y la esclavitud de los negros (1520-1607) --tV. Monopolio y contrabando en El Caribe (1503-1603) --tVI. La ganadería, el contrabando y las devastaciones (1503-1608) --tVII. Consecuencias de las devastaciones (1606-1655).--tVIII. Los bucaneros, los filibusteros y la invasión inglesa de 1655 (1621-1655) --tIX. La ocupación francesa del oeste de la isla (1655-1697) --tX. La pobreza dominicana en la segunda mitad del siglo XVII (1655-1700) --tXI. La recuperación económica de Santo Domingo (1697-1731) --tXII. La ocupación francesa de las tierras fronterizas (1697-1777) --tXIII. La formación de la frontera (1731-1789) --tXIV. La colonia francesa de Saint Domingue y la Revolución Haitiana (1789-1804) --tXV. El Tratado de Basilea y sus consecuencias (1795-1801) --tXVI. La era de Francia y la reconquista (1801-1809) --tXVII. La España Boba y la invasión de Boyer (1809-1822)--tXVIII. La dominación haitiana: comienzos (1822-1825) --tXIX. La dominación haitiana: problemas (1826-1838) --tXX. La Trinitaria, la reforma y la caída de Boyer (1838-1843) --tXXI. La separación (1843-1844) --tXXII. Guerra y política en el año (1844) -- tXXIII. Santana (1844-1857 --tXXIV. Santana y Báez (1849-1857) --tXXV. Causas y consecuencias de la revolución de 1857 (1844-1861) --tXXVI. La anexión y la restauración (1861-1865) --tXXVII. La restauración y sus efectos inmediatos (1865- 1868) --tXXVIII. Los seis años de Báez (1868-1873) --tXXIX. Rojos, verdes y azulez (1873-1879) --tXXX. Los gobiernos azulez (1879-1886) --tXXXI La economía dominicana y el partido azul (1865-1886) --tXXXII Lilís y las deudas (1887-1899) --tXXXIII. La deuda y los comienzos de la influencia Americana (1899-1907) --tXXXIV. Rámón Cáceres (1906-1911) --tXXXV. El derrumbe de la soberanía (1911-1916) --tXXXVI. La ocupación militar norteamericana (1916-1924) --tXXXVII. Horacio Vásquez (1924-1930) --tXXXVIII. La Era de Trujillo (1930-1961) --tXXXIX. Democratización y guerra civil (1961-1966) --tXL. Los doce años de Balaguer (1966-1978) --tXLI. Antonio Guzmán (1978-1982).--tXLII. Salvador Jorge Blanco (1982-1986).--tXLIII. El retorno de Balaguer (1986-1990).--tXLIV. Marxistas vs socialdemócratas.--tBibliografía.--tGobiernos y gobernantes de la República Dominicana (1844-2002).--tÍndice onomástico --tÍndice analítico --tLáminas entre páginas: Los padres de la Patria -- tRetratos de presidentes y gobernantes de la República Dominicana -- tMapas y gráficos.  4aRepública DominicanaxCondiciones económicasxHistoria 4aRepública Dominicana xCondiciones sociales xHistoria 4aRepública Dominicana xPolítica y gobierno xHistoria